Learning to change ICT in schools
Saved in:
| Format: | Book |
|---|---|
| Language: | English |
| Published: |
Paris
OECD
2001
|
| Series: | Education and skills
|
| Subjects: | |
| Tags: |
No Tags, Be the first to tag this record!
|
MARC
| LEADER | 00000nam a2200000 4500 | ||
|---|---|---|---|
| 001 | c129752 | ||
| 005 | 20221221091523.4 | ||
| 020 | |a 92-64-19652-8 | ||
| 041 | 0 | |a eng | |
| 044 | |a FR | ||
| 245 | 1 | 0 | |a Learning to change |b ICT in schools |
| 264 | 1 | |a Paris |b OECD |c 2001 | |
| 300 | |a 117 s. | ||
| 490 | 1 | |a Education and skills | |
| 830 | 0 | |a Education and skills | |
| 610 | 2 | 0 | |a školy |
| 610 | 2 | 0 | |a školstvo |
| 610 | 2 | 0 | |a vzdelávanie |
| 610 | 2 | 0 | |a technológie informačné |
| 610 | 2 | 0 | |a technológie komunikačné |
| 610 | 2 | 0 | |a školstvo |
| 610 | 2 | 0 | |a pedagogika |
| 610 | 2 | 0 | |a učitelia |
| 610 | 2 | 0 | |a rodina |
| 610 | 2 | 0 | |a porovnanie medzinárodné |
| 610 | 2 | 0 | |a systémy informačné |
| 610 | 2 | 0 | |a svet |
| 610 | 2 | 0 | |a OECD |